Responses for Show #2520 - Friday, July 14, 1995

1995-A Seniors Tournament quarterfinal game 5.

Contestants

[<< previous game]

Susan Schubert, a retired teacher from Phoenix, Arizona

Steve Paquette, a weapons designer from Glen Gardner, New Jersey

Aaron Klein, a religious school director from Des Plaines, Illinois

[next game >>]

Jeopardy! Round responses

HISTORIC NAMES
SPORTS GREATS
COLLEGES & UNIVERSITIES
STATE EMBLEMS
CLASSIC TELEVISION
POTPOURRI
    $100 1
Mussolini

Steve
    $100 8
Wayne Gretzky

Aaron
    $100 7
Cairo

Aaron
    $100 6
the mayflower

Steve
    $100 13
[NOTE: Susan did not include "The" in her response.]

The Twilight Zone

Susan
    $100 22
Mother Goose

Aaron
    $200 2
7

Steve
    $200 9
Ken Griffey Jr.

Aaron
    $200 27
Colombia

Aaron
    $200 18
Alaska

Aaron
    $200 14
Eliot Ness

Aaron
    $200 23
gloves

Aaron
    $300 3
(Captain) Cook

Susan
    $300 10
Boris Becker

Aaron
    $300 28
(Steve: What is, uh, University of Arizona?)

Arizona State University

SteveSusan
    $300 19
Colorado

Aaron
    $300 15
Maude

Aaron
    $300 24
a bobwhite

Triple Stumper
    $400 4
Lawrence of Arabia

Susan
    $400 11
pole vault

Aaron
    $400 29
Trinity College

Triple Stumper
    $800 20
(Aaron: What is, uh, New Mexico?)

Tennessee

Aaron
    $400 16
Mayberry

Susan
    $400 25
seraphim & cherubim

Aaron
    $500 5
Kim Il-sung

Susan
    $500 12
(Alex: You did well in that category.)
[Applause]

Jack Dempsey

Aaron
    $500 30
the Quakers

Aaron
    $500 21
Idaho

Triple Stumper
    $500 17
The Defenders

Aaron
    $500 26
the Justice Department

Susan

Scores at the first commercial break (after clue 15):

Aaron Steve Susan
$2,100 $400 $1,300

Scores at the end of the Jeopardy! Round:

Aaron Steve Susan
$3,700 $100 $2,500

Double Jeopardy! Round responses

WORLD CITIES
QUOTABLE WOMEN
THE ROARING '20s
DEM BONES
LAW
COMPOSERS
    $200 1
Helsinki

Aaron
    $200 26
(Aaron: Who is Robert Browning?)
...
(Alex: QUOTABLE WOMEN.)
(Aaron: QUOTABLE WOMEN, right; I wasn't sure about him.)
[Laughter]

Elizabeth Barrett Browning

AaronSusan
    $200 13
the lips

Susan
    $200 6
the ear

Susan
    $200 20
death

Susan
    $200 11
Cinderella

Aaron
    $400 2
The Hague

Susan
    $400 27
Agnes de Mille

Aaron
    $400 14
King Tut

Steve
    $400 7
the pelvic girdle

Susan
    $400 21
slander & libel

Aaron
    $400 12
Beethoven

Steve
    $600 3
Calgary

Steve
    $600 28
Lady Astor

Triple Stumper
    $600 15
a car

Aaron
    $600 8
the sternum

Steve
    $600 22
a squatter

Steve
    $600 17
Debussy

Aaron
    $800 4
Lisbon

Steve
    $800 29
(Steve: [*].)
(Alex: No.)
[After a slight pause Steve says the last name correctly after having previously pronounced it as "Tukeman".]
...
(Alex: You did not phrase it in the form of a question.)
[Offstage sounds]
(Alex: He did? Then I misheard; I'm sorry, Steve.)

Barbara Tuchman

Steve
    $700 16
(Aaron: What was the semisesquitennial?)

the sesquicentennial

Aaron
    $800 9
(Steve: What is the... radius?)

the ulna

SteveSusan
    $800 23
proxy

Susan
    $800 18
(Susan: Who is Janáček?)

Dvořák

AaronSusan
    $1000 5
San José

Aaron
    $1000 30
Edna Ferber

Aaron
    $1000 25
(John) Scopes

Aaron
    $1000 10
(Steve: What is the tailbone?)

the heel bone

SteveSusan
    $1000 24
a codicil

Steve
    $500 19
(Alex: His "Canon In D Major".)

(Johann) Pachelbel

Aaron

Scores at the end of the Double Jeopardy! Round:

Aaron Steve Susan
$9,500 $3,500 $5,900

Final Jeopardy! Round responses

NOVEL CHARACTERS
(Alex: His last line, "My dear, I don't give a damn." "Frankly" was added for the movie.)
SteveWho was Rhett Butler
$3,500
SusanWho was Rhett Butler?
$5,000
AaronWho is Rhett Butler
$500
Rhett Butler

Final scores:

Aaron Steve Susan
$10,000 $7,000 $10,900
2nd place: $1,000 if eliminated 3rd place: $1,000 if eliminated Automatic semifinalist

Game dynamics:

Coryat scores:

Aaron Steve Susan
$11,500 $3,500 $5,900
27 R
(including 1 DD),
3 W
(including 2 DDs)
11 R,
3 W
16 R,
1 W

Combined Coryat: $20,900

[game clues] [game scores] [suggest correction]

Game tape date: 1995-02-27
The J! Archive is created by fans, for fans. Scraping, republication, monetization, and malicious use prohibited; this site may use cookies and collect identifying information. See terms. The Jeopardy! game show and all elements thereof, including but not limited to copyright and trademark thereto, are the property of Jeopardy Productions, Inc. and are protected under law. This website is not affiliated with, sponsored by, or operated by Jeopardy Productions, Inc. Join the discussion at JBoard.tv.